| 000 | 00626nam a22001337a 4500 | ||
|---|---|---|---|
| 040 | _cRUA | ||
| 082 | _aAVM HOR 2011 B097 Or.1 | ||
| 100 | _aHORL, VOENG. | ||
| 245 | _astudy on food and mouth disease in cattle in kanal steung district, kandal province, ការសិក្សាពីជំងឺអ៊ុតក្តាមលើគោ នៅក្នុងស្រុកកណ្តាលស្ទឹង ខេត្តកណ្តាល | ||
| 260 |
_aPhnom Penh _bRUA _c2011 |
||
| 300 |
_ax; 35p. _bill. _c29cm. |
||
| 856 | _uhttps://drive.google.com/file/d/10m1nC9udZNmd70cfZIjf09UxFPEU8tGF/view?usp=sharing | ||
| 942 | _cAVM | ||
| 999 |
_c2477 _d2477 |
||